[Event "AUTO-ADV-3844"]
[Site "http://www.queenalice.com/game.php?id=1480550"]
[Date "2017.6.1"]
[Round "1"]
[White "eloy"]
[Black "dbwright308"]
[Result "1-0"]
[WhiteElo "1734"]
[BlackElo "1658"]

1. e4 d5 2. exd5 Qxd5 3. Nc3 Qe6+ 4. Qe2 Qxe2+ 5. Bxe2 Bd7 6. Nf3 Nc6 7. Bc4 Nh6
8. d3 O-O-O 9. Bf4 f6 10. Nb5 e5 11. Bxh6 gxh6 12. O-O Rg8 13. Bxg8 a6 14. Nc3
Bb4 15. Bxh7 Nd4 16. Nxd4 Bxc3 17. bxc3 c5 18. Nb3 Ba4 19. h3 Bxb3 20. axb3 Rh8
21. Bf5+ Kb8 22. f4 Rf8 23. b4 cxb4 24. fxe5 fxe5 25. g4 bxc3 26. Ra3 Rf6 27.
Rxc3 b5 28. Ra1 Kb7 29. Bc8+ Ka7 30. Rxa6+ 1-0

[Event "AUTO-ADV-3844"]
[Site "http://www.queenalice.com/game.php?id=1480551"]
[Date "2017.6.1"]
[Round "1"]
[White "dbwright308"]
[Black "eloy"]
[Result "0-1"]
[WhiteElo "1672"]
[BlackElo "1720"]

1. e4 e5 2. c3 Nf6 3. d3 Bc5 4. Be3 Bxe3 5. fxe3 Nc6 6. Nd2 d6 7. d4 exd4 8.
exd4 O-O 9. Bd3 Bg4 10. Ngf3 d5 11. h3 Bxf3 12. Qxf3 Re8 13. O-O a6 14. exd5
Qxd5 15. Qxd5 Nxd5 16. Be4 Nf6 17. Rf4 h6 18. d5 Ne5 19. c4 Nxe4 20. Nxe4 Nxc4
21. Nf6+ gxf6 22. Rxc4 Re7 23. Rac1 Rd7 24. Rxc7 Rxd5 25. Rxb7 a5 26. Rcc7 Rd1+
27. Kf2 Rf8 28. Rc2 Rfd8 29. Ke2 R1d7 30. Rxd7 Rxd7 31. Rc8+ Kg7 0-1

[Event "AUTO-ADV-3844"]
[Site "http://www.queenalice.com/game.php?id=1480564"]
[Date "2017.6.1"]
[Round "1"]
[White "The_Clown"]
[Black "dbwright308"]
[Result "1-0"]
[WhiteElo "1860"]
[BlackElo "1746"]

1. d4 d5 2. Nc3 c6 3. e4 e6 4. e5 c5 5. Bb5+ Bd7 6. Bxd7+ Nxd7 7. Nf3 c4 8. O-O
Bb4 9. Bd2 Ne7 10. Bg5 h6 11. Bxe7 Qxe7 12. Qd2 g5 13. a3 Bxc3 14. Qxc3 O-O 15.
b3 Rac8 16. bxc4 Rxc4 17. Qb3 Nb6 18. c3 Qd7 19. Nd2 Qa4 20. Qxa4 Rxa4 21. Nb1
Nc4 22. Ra2 Rc8 23. Re1 Rc6 24. Rae2 Nxa3 25. Nxa3 Rxa3 26. Rc2 Rcxc3 27. Rxc3
Rxc3 28. g3 b5 29. Kf1 a5 30. Ke2 a4 31. Kd2 Rb3 32. Kc2 b4 33. Ra1 Rc3+ 34. Kb2
Rb3+ 35. Kc2 Ra3 36. Rxa3 bxa3 37. Kb1 Kg7 38. Ka2 Kg6 39. g4 h5 40. h3 f5 41.
gxf5+ Kxf5 42. f3 Kf4 43. Kxa3 Kxf3 44. Kxa4 Ke4 45. Kb5 1-0

[Event "AUTO-ADV-3844"]
[Site "http://www.queenalice.com/game.php?id=1480565"]
[Date "2017.6.1"]
[Round "1"]
[White "dbwright308"]
[Black "The_Clown"]
[Result "0-1"]
[WhiteElo "1769"]
[BlackElo "1726"]

1. e4 e5 2. d4 exd4 3. Qxd4 Nc6 4. Qe3 d5 5. exd5+ Nce7 6. Bb5+ Bd7 7. Bxd7+
Qxd7 8. c4 g6 9. Qd4 f6 10. Nf3 Nf5 11. Qe4+ Nge7 12. Nc3 O-O-O 13. Nb5 Kb8 14.
Bf4 Nd6 15. O-O-O Nxe4 16. Be3 f5 17. Bxa7+ Ka8 18. Ne5 Qc8 19. Nf7 Nxf2 20.
Bxf2 b6 21. Nxh8 Rd7 22. Nf7 c6 23. Nbd6 Qa6 24. dxc6 Nxc6 25. Bg3 Qxa2 26. Nc8
Rxd1+ 27. Rxd1 Bg7 28. Be5 Nxe5 29. Rd8 Nxf7 30. Nxb6+ Kb7 31. Nd7 Nxd8 32. Nc5+
Kc6 33. Nd3 Qxc4+ 34. Kd2 Ne6 35. g3 Nd4 36. Ke3 Kd5 37. Nf4+ Ke5 38. Nd3+ Kd5
39. Nf4+ Kc6 40. Nd3 Qe6+ 41. Kd2 Qe2+ 42. Kc3 Qc2+ 43. Kb4 Qb3+ 44. Ka5 Qb5#
0-1

[Event "AUTO-ADV-3844"]
[Site "http://www.queenalice.com/game.php?id=1480572"]
[Date "2017.6.1"]
[Round "1"]
[White "Squarepants"]
[Black "dbwright308"]
[Result "1-0"]
[WhiteElo "2086"]
[BlackElo "1730"]

1. d4 d5 2. c4 c6 3. Nc3 f6 4. cxd5 cxd5 5. Bf4 Nc6 6. Qa4 Bd7 7. Nxd5 Rc8 8.
Nf3 e5 9. dxe5 Nxe5 10. Qe4 Bd6 11. g3 Ne7 12. Nxe7 Qxe7 13. Bg2 Bb4+ 14. Bd2
Bxd2+ 15. Nxd2 Bc6 16. Qc2 O-O 17. Qb3+ Kh8 18. O-O Bxg2 19. Kxg2 Ng4 20. e3 b6
21. Nf3 Qb7 22. Qd1 h5 23. Kg1 Rfd8 24. Nd4 f5 25. Qf3 Qf7 26. Qxf5 Qxf5 27.
Nxf5 g6 28. Nd4 Kh7 29. Rac1 Ne5 30. Rfd1 a5 31. Rxc8 1-0

[Event "AUTO-ADV-3844"]
[Site "http://www.queenalice.com/game.php?id=1480573"]
[Date "2017.6.1"]
[Round "1"]
[White "dbwright308"]
[Black "Squarepants"]
[Result "0-1"]
[WhiteElo "1728"]
[BlackElo "2088"]

1. e4 c5 2. c3 Nf6 3. e5 Nd5 4. d4 cxd4 5. Qxd4 e6 6. Be2 Nc6 7. Qd2 Nxe5 8. f4
Nc6 9. Nf3 Bc5 10. b4 Ncxb4 11. Ba3 Be3 12. Qd1 Nc6 13. c4 Nxf4 14. g3 Qa5+ 15.
Nfd2 Nxe2 16. Qxe2 Bd4 17. Nc3 Qxc3 18. Rc1 Qxa3 19. Nb3 Qb4+ 20. Kd1 O-O 21. c5
d5 22. cxd6 Qxd6 23. Ke1 a5 24. Nxd4 Nxd4 25. Qe4 Qd5 26. Qxd5 exd5 27. Rd1 Nc2+
28. Kd2 Nb4 29. a3 Bg4 30. Rc1 Nc6 0-1

[Event "AUTO-ADV-3845"]
[Site "http://www.queenalice.com/game.php?id=1480686"]
[Date "2017.6.2"]
[Round "1"]
[White "Rafale2000"]
[Black "dbwright308"]
[Result "1-0"]
[WhiteElo "1972"]
[BlackElo "1816"]

1. d4 d5 2. Nf3 Nc6 3. Bf4 f6 4. e3 g5 5. Bg3 Nh6 6. c4 Bg4 7. Nc3 Qd7 8. cxd5
Nb4 9. e4 e6 10. Bb5 c6 11. dxc6 bxc6 12. Ba4 O-O-O 13. a3 Bxf3 14. Qxf3 Qxd4
15. Rd1 Nd3+ 16. Ke2 Nc1+ 17. Kf1 Qc4+ 18. Kg1 Rxd1+ 19. Bxd1 Na2 20. Qxf6 Rg8
21. Qe5 Nxc3 22. Qc7# 1-0

[Event "AUTO-ADV-3845"]
[Site "http://www.queenalice.com/game.php?id=1480687"]
[Date "2017.6.2"]
[Round "1"]
[White "dbwright308"]
[Black "Rafale2000"]
[Result "0-1"]
[WhiteElo "1751"]
[BlackElo "2014"]

1. e4 Nf6 2. e5 Nd5 3. d4 d6 4. f4 dxe5 5. fxe5 Nc6 6. Nf3 Bg4 7. h3 Bh5 8. g4
Bg6 9. Bd3 e6 10. Bxg6 hxg6 11. Ng5 Be7 12. h4 Bxg5 13. Bxg5 f6 14. exf6 gxf6
15. Bc1 Qd6 16. Qd3 f5 17. Bg5 e5 18. O-O Nxd4 19. gxf5 Nxf5 20. Qb5+ Qc6 21.
Qxc6+ bxc6 22. Nd2 Nxh4 23. Bxh4 Rxh4 24. Rf2 Ke7 25. Raf1 Rah8 26. Nf3 Rg4+ 27.
Rg2 Rxg2+ 28. Kxg2 Ke6 29. Ng5+ Kd7 30. Nf7 Rh5 31. Kf3 Ke7 32. Ke4 Nf6+ 33. Kd3
Kxf7 34. c4 Rh4 35. b4 Ke6 0-1

[Event "AUTO-ADV-3845"]
[Site "http://www.queenalice.com/game.php?id=1480700"]
[Date "2017.6.2"]
[Round "1"]
[White "pgrzelak"]
[Black "dbwright308"]
[Result "1-0"]
[WhiteElo "1912"]
[BlackElo "1819"]

1. d4 d5 2. Nf3 f6 3. c4 c6 4. c5 b6 5. b4 bxc5 6. bxc5 Bg4 7. Nbd2 Qa5 8. h3
Bxf3 9. exf3 Qc3 10. Rb1 Qxd4 11. Qc2 Nd7 12. Bb2 Qxc5 13. Qxc5 Nxc5 14. Nb3
Nxb3 15. axb3 e5 16. Bd3 O-O-O 17. O-O Bd6 18. Rbc1 Ne7 19. Ra1 Kb7 20. Ba3 Bxa3
21. Rxa3 c5 22. Ra5 Kb6 23. Ra6+ Kb7 24. Rfa1 Ra8 25. Re6 Nc8 26. Bb5 Rg8 27.
Bc6+ Kc7 28. Bxa8 Rd8 29. Rc1 Nb6 30. Rxc5+ Kb8 31. Bc6 d4 32. Re7 d3 33. Rb7+
Kc8 34. Be4# 1-0

[Event "AUTO-ADV-3845"]
[Site "http://www.queenalice.com/game.php?id=1480701"]
[Date "2017.6.2"]
[Round "1"]
[White "dbwright308"]
[Black "pgrzelak"]
[Result "0-1"]
[WhiteElo "1800"]
[BlackElo "1924"]

1. e4 e5 2. c3 Nf6 3. Qf3 d5 4. d3 Bg4 5. Qe3 d4 6. cxd4 Bb4+ 7. Nc3 exd4 8. Qd2
dxc3 9. bxc3 Ba5 10. Bb2 Nc6 11. h3 Be6 12. Qg5 Qe7 13. O-O-O O-O-O 14. d4 Nxe4
15. Qxe7 Nxe7 16. Rh2 Bxc3 17. Bxc3 Nxc3 18. Rd2 Nxa2+ 19. Kb2 Nc6 20. Nf3 Nab4
21. Kc3 Nd5+ 22. Kb2 f6 23. Bb5 Ncb4 24. Ka3 a6 25. Bc4 b5 26. Bxd5 Nxd5 27. g4
a5 28. Rb2 c6 29. Rc2 Kb7 30. g5 Bf5 31. Rc5 Be4 32. Nd2 f5 33. f3 Bd3 34. Nb3
Ra8 35. Nc1 b4+ 36. Kb3 a4+ 37. Kb2 Bb5 38. Rhc2 a3+ 39. Kb3 Ba4+ 0-1

[Event "AUTO-ADV-3845"]
[Site "http://www.queenalice.com/game.php?id=1480708"]
[Date "2017.6.2"]
[Round "1"]
[White "Sirius"]
[Black "dbwright308"]
[Result "0-1"]
[WhiteElo "1646"]
[BlackElo "1757"]

1. e4 d5 2. e5 d4 3. Qf3 c5 4. Bb5+ Nd7 5. Ba4 Rb8 6. d3 b5 7. Bb3 Nxe5 8. Qg3
Qd6 9. a3 c4 10. Ba2 cxd3 11. cxd3 b4 12. Bf4 Nxd3+ 13. Qxd3 Qxf4 14. Ne2 Qe5
15. O-O Nf6 16. Nxd4 b3 17. Bxb3 Rb6 18. Ba4+ Nd7 19. Qc4 Ba6 20. Bxd7+ Kxd7 21.
Qa4+ Kd8 22. Nc6+ Rxc6 23. Qxc6 Bxf1 24. Qa8+ Kd7 25. Qxa7+ Ke6 26. Nc3 Bc4 27.
Qb6+ Kf5 28. b3 Qxc3 29. Rf1 Bxf1 30. Kxf1 e5 31. a4 Bb4 32. g3 Qe1+ 33. Kg2
Qe4+ 34. Kh3 Qe1 35. Qxb4 Qxb4 0-1

[Event "AUTO-ADV-3846"]
[Site "http://www.queenalice.com/game.php?id=1481039"]
[Date "2017.6.4"]
[Round "1"]
[White "dbwright308"]
[Black "juim"]
[Result "0-1"]
[WhiteElo "1807"]
[BlackElo "1659"]

1. e4 d5 2. f3 dxe4 3. fxe4 e5 4. d4 exd4 5. Qxd4 Qxd4 6. Bd3 Bc5 7. Nh3 Bxh3 8.
gxh3 Qf2+ 9. Kd1 Qf3+ 10. Kd2 Qxh1 11. c4 Nc6 12. Nc3 Bb4 13. a3 Bxc3+ 14. bxc3
Nf6 15. Bb2 Qxh2+ 16. Be2 Nxe4+ 17. Ke3 f5 18. Rf1 O-O 19. Rf3 Rad8 20. c5 Rfe8
21. Bc4+ Kh8 22. Bd3 Ng5+ 23. Be4 Rxe4# 0-1

[Event "AUTO-ADV-3846"]
[Site "http://www.queenalice.com/game.php?id=1481040"]
[Date "2017.6.4"]
[Round "1"]
[White "juim"]
[Black "dbwright308"]
[Result "1-0"]
[WhiteElo "1683"]
[BlackElo "1700"]

1. e4 d5 2. exd5 Qxd5 3. d3 e6 4. d4 Nc6 5. Nc3 Qxd4 6. Qxd4 Nxd4 7. Bd3 e5 8.
Be3 Ne7 9. O-O-O Bf5 10. Bxd4 exd4 11. Bxf5 Nxf5 12. Ne4 O-O-O 13. Nf3 c5 14.
Ne5 Nh6 15. Nc4 Nf5 16. Ne5 Re8 17. f4 f6 18. Nf7 Rg8 19. Rde1 Kd7 20. Nxc5+ Kc6
21. Rxe8 Kxc5 22. Rhe1 Nd6 23. Nxd6 Kxd6 24. Rd8+ Kc7 25. Ree8 Be7 26. Rxg8 Bxd8
27. Rxg7+ Kd6 28. Rxh7 Kd5 29. Rd7+ Ke4 30. Rxd8 Kxf4 31. Rxd4+ Ke5 32. Rd7 f5
33. Rxb7 f4 34. Rxa7 Ke4 35. a4 1-0

[Event "AUTO-ADV-3846"]
[Site "http://www.queenalice.com/game.php?id=1481042"]
[Date "2017.6.4"]
[Round "1"]
[White "worldwide"]
[Black "dbwright308"]
[Result "1-0"]
[WhiteElo "1902"]
[BlackElo "1726"]

1. e4 d5 2. exd5 Qxd5 3. Nf3 Bg4 4. Be2 Nc6 5. Nc3 Qd7 6. O-O Qd6 7. Nb5 Qd7 8.
d4 Bxf3 9. Bxf3 a6 10. Nc3 O-O-O 11. Bxc6 bxc6 12. Be3 Nf6 13. Na4 e6 14. Qe2
Qd5 15. Qxa6+ Kd7 16. c4 Qe4 17. Rad1 Bd6 18. Nc5+ Bxc5 19. dxc5+ Ke7 20. Qb7
Rc8 21. Rd4 Qe5 22. Qxc6 Ng4 23. Rxg4 h5 24. Bd4 Qf5 25. Rxg7 Rcf8 26. Qxc7+ Ke8
27. Qd6 e5 28. Bxe5 Qe6 29. Qb8+ Ke7 30. Bd6+ Kf6 31. Bxf8 Qxc4 32. Qd6+ Qe6 33.
Qf4+ Qf5 34. Be7+ Kxg7 35. Qxf5 Rh6 36. f4 f6 37. c6 Kf7 38. Re1 1-0

[Event "AUTO-ADV-3846"]
[Site "http://www.queenalice.com/game.php?id=1481043"]
[Date "2017.6.4"]
[Round "1"]
[White "dbwright308"]
[Black "marcoswerneck"]
[Result "0-1"]
[WhiteElo "1683"]
[BlackElo "1813"]

1. e4 e5 2. c3 a6 3. Na3 Nf6 4. d3 Nc6 5. Bg5 Be7 6. Bxf6 Bxf6 7. Qf3 d6 8. Nc2
h5 9. O-O-O Bg4 10. Qg3 Bxd1 11. Kxd1 Qd7 12. Nf3 O-O-O 13. Qh3 Qxh3 14. gxh3 h4
15. Nb4 Nxb4 16. cxb4 d5 17. exd5 Rxd5 18. Be2 e4 19. Nd2 exd3 20. Bf3 Rd6 21.
Ne4 Rd4 22. a3 d2 23. Nxf6 gxf6 24. Rg1 Re8 25. Be2 Rde4 26. Kxd2 Rxe2+ 27. Kc3
Rxf2 28. Rg4 Re3+ 29. Kd4 Rxh3 30. Rg8+ Kd7 31. Rb8 b6 32. a4 Rxb2 33. Kc4 Rhxh2
34. a5 bxa5 35. Ra8 Rxb4+ 36. Kc3 Rh3+ 37. Kc2 Ra3 0-1

[Event "AUTO-ADV-3846"]
[Site "http://www.queenalice.com/game.php?id=1481044"]
[Date "2017.6.4"]
[Round "1"]
[White "marcoswerneck"]
[Black "dbwright308"]
[Result "1-0"]
[WhiteElo "1828"]
[BlackElo "1771"]

1. e4 d5 2. e5 d4 3. d3 Qd5 4. Nf3 Bg4 5. Be2 Bxf3 6. Bxf3 Qxe5+ 7. Qe2 Qxe2+ 8.
Bxe2 e5 9. Bd2 Nc6 10. Bf3 O-O-O 11. Bxc6 bxc6 12. b4 Ne7 13. Na3 Nd5 14. Nc4
Nxb4 15. O-O Nxc2 16. Rac1 Na3 17. Nxe5 Rd7 18. Nxd7 Kxd7 19. h4 c5 20. g3 Bd6
21. Kg2 a6 22. Bf4 Nb5 23. Bxd6 cxd6 24. Rfe1 Nc3 25. a3 Rb8 26. Kh3 Rb3 27. Ra1
Nb5 28. a4 Na3 29. Re2 Rxd3 30. Rb2 Nc4 31. Rb7+ Ke6 32. Re1+ Kf6 33. Ra7 Ne5
34. Rxa6 Ke6 35. f4 1-0

[Event "AUTO-ADV-3847"]
[Site "http://www.queenalice.com/game.php?id=1481261"]
[Date "2017.6.6"]
[Round "1"]
[White "Paraucho"]
[Black "dbwright308"]
[Result "1-0"]
[WhiteElo "2086"]
[BlackElo "1825"]

1. e4 d5 2. exd5 Qxd5 3. d4 e6 4. Nf3 Bb4+ 5. c3 Ba5 6. Bd3 Nf6 7. O-O b5 8. Bd2
O-O 9. Bc2 Ba6 10. Re1 b4 11. Bg5 h6 12. Bxf6 gxf6 13. Be4 Qb5 14. Bxa8 Nc6 15.
Bxc6 Qxc6 16. Qd2 Qc4 17. Qxh6 Qd3 18. Qxf6 Qf5 19. Qxf5 exf5 20. cxb4 Bxb4 21.
Nc3 Bxc3 22. bxc3 Bb7 23. Nh4 Be4 24. f3 Bd3 25. Rad1 Bc2 26. Rd2 Ba4 27. Nxf5
Kh7 28. Re7 Kg6 29. g4 Bc6 30. d5 Rd8 31. Rxc7 Bxd5 32. Rc5 1-0

[Event "AUTO-ADV-3847"]
[Site "http://www.queenalice.com/game.php?id=1481262"]
[Date "2017.6.6"]
[Round "1"]
[White "dbwright308"]
[Black "Paraucho"]
[Result "0-1"]
[WhiteElo "1774"]
[BlackElo "2102"]

1. e4 c6 2. d4 d5 3. f3 dxe4 4. fxe4 e6 5. Nf3 Nf6 6. e5 Nd5 7. Nc3 a6 8. Ng5
Be7 9. h4 Nxc3 10. bxc3 Qc7 11. Qh5 Bxg5 12. Qxg5 O-O 13. h5 f6 14. Qg4 fxe5 15.
h6 g6 16. Bc4 Qf7 17. Rf1 Qe7 18. Rxf8+ Kxf8 19. Bg5 Qa3 20. Qf3+ Ke8 21. Qf6
Qxc3+ 22. Kf2 Qxd4+ 23. Kg3 Qd6 24. Rf1 e4+ 25. Bf4 Qa3+ 26. Kh2 Nd7 27. Qxe6+
Qe7 28. Qg8+ Nf8 29. Bd6 Qxd6+ 30. Kg1 Bf5 31. Qf7+ Kd8 32. Be2 Qe7 33. Rd1+ Bd7
34. Qg7 Ke8 35. Rf1 Be6 36. c4 b5 37. cxb5 axb5 38. Rf4 Kd7 39. Rxe4 g5 0-1

[Event "AUTO-ADV-3847"]
[Site "http://www.queenalice.com/game.php?id=1481273"]
[Date "2017.6.6"]
[Round "1"]
[White "MariusLola"]
[Black "dbwright308"]
[Result "1-0"]
[WhiteElo "1903"]
[BlackElo "1645"]

1. d4 d5 2. c4 c6 3. e3 Nf6 4. Nc3 Be6 5. c5 b6 6. Nf3 Nbd7 7. cxb6 axb6 8. Bd3
g6 9. O-O Bg7 10. Ng5 O-O 11. Nxe6 fxe6 12. f3 c5 13. dxc5 bxc5 14. b3 Ne5 15.
Bb5 d4 16. exd4 cxd4 17. Ne2 d3 18. Nc3 Qd4+ 19. Kh1 Qxc3 20. Bf4 Nd5 21. Rf2
Nxf4 22. Rc1 Qd4 23. Rfc2 1-0

[Event "AUTO-ADV-3847"]
[Site "http://www.queenalice.com/game.php?id=1481274"]
[Date "2017.6.6"]
[Round "1"]
[White "dbwright308"]
[Black "MariusLola"]
[Result "0-1"]
[WhiteElo "1708"]
[BlackElo "1897"]

1. e4 e5 2. d4 exd4 3. Qxd4 Nc6 4. Qc4 d6 5. Be3 Ne5 6. Qc3 g6 7. Nf3 Nxf3+ 8.
gxf3 Nf6 9. Bg5 Bg7 10. e5 dxe5 11. Qxe5+ Be6 12. Bc4 O-O 13. Bxe6 Re8 14. O-O
Rxe6 15. Qb5 b6 16. Nc3 Qd6 17. Rad1 Re5 18. Rxd6 Rxb5 19. Nxb5 cxd6 20. Nxd6 h6
21. Bxf6 Bxf6 22. c3 Rd8 0-1

[Event "Challenge"]
[Site "http://www.queenalice.com/game.php?id=1484719"]
[Date "2017.7.3"]
[Round "-"]
[White "dbwright308"]
[Black "bluesman"]
[Result "0-1"]
[WhiteElo "1774"]
[BlackElo "1759"]

1. e4 e6 2. e5 d5 3. d4 c5 4. c3 cxd4 5. cxd4 Bd7 6. Nh3 Nc6 7. Bd3 Nxd4 8. Be3
Nc6 9. Qf3 Nxe5 10. Qe2 Nxd3+ 11. Qxd3 Bb4+ 12. Nc3 Nf6 13. O-O-O O-O 14. Bd4
Rc8 15. Kb1 a6 16. Ng5 g6 17. h4 Bxc3 18. Bxc3 Bb5 0-1